Регионална библиотека "Любен Каравелов" - Русе

Селскостопански мелиорации (Запис номер 37750)

MARC детайли
000 -Лидер
Контролно поле с фиксирана дължина 01694nam a2200361 c 4500
003 - Код на организацията, давaща контролен номер
Контролно поле BLK
005 - Дата и час на последна редакция
Контролно поле 20230905122923.0
008 - Елементи от данни с фиксирана дължина
fixed length control field 180408b bul|||||r ||||||| ||bul||
010 ## - Наследен системен номер
LC control number KNG00040918000
040 ## - Източник на каталожния запис
Идентификатор на билиотеката - собственик на записа BLK
041 ## - Код за език
Код за езика на текст/звукозапис или на отделно заглавие Български
Код за езика КДБФ Български
080 ## - УДК
Текстов определител УДК Селскостопански мелиорации
УДК код - определител по УДК 631.6
УДК определител (075.8)
УДК - код + определител 631.6(075.8)
100 1# - Редна дума - Автор
Автор Василев, Васил Трендафилов
Авторска отговорност първи автор
R(LIN) 275770
139 ## - Редно поле
Редна дума Василев, Васил Трендафилов и др.
Авторски знак Васи - В 24
245 10 - Сведения за заглавието
Заглавие Селскостопански мелиорации
Подзаглавни данни Учебник за студентите от ВСИ В. Коларов - Пловдив
Редно поле (дума) Васил Трендафилов Василев; съавт. Лиляна К. Ценова; съавт. Георги Велинов Георгиев.
250 ## - Област на изданието
Сведения за изданието 2. изд.
257 ## - Страна на издаване
Страна на създаване/издаване България
260 ## - Област на издателските данни
-- Пловдив
Име на издателя, разпространителя и проч. Земиздат
Година на издаване 1988
Печатница Хасково : Ат. Стратиев
300 ## - Физическа характеристика
Страници 200 с.
Илюстрации и др. с черт., табл., диагр.
Размери/Мащаб 25 см
380 ## - Жанр
Жанр Селско стопанство
500 ## - Общи забележки
Забележка 1. изд. 1981. - 2 084 тир. - Библиогр. с. 195.
650 #4 - Допълнително описание по предмет – тема
Основно описание – тема или топоним Селскостопанска хидромелиорация
9 (RLIN) 275773
653 ## - Ключова дума – ненормативна
Ключова дума селско стопанство
653 ## - Ключова дума – ненормативна
Ключова дума хидромелиорации
700 1# - Други автори (авторска отговорност)
Лично име Ценова, Лиляна К.
Автороска отговорност (Описва отношението между автора и произведението) съавт.
9 (RLIN) 275771
700 1# - Други автори (авторска отговорност)
Лично име Георгиев, Георги Велинов
Автороска отговорност (Описва отношението между автора и произведението) съавт.
9 (RLIN) 275772
852 ## - Местоположение
Форматна сигнатура Цб 153209
856 4# - Електронен адрес и достъп
Електронен формат pdf - файл
Път до файла /url/
856 4# - Електронен адрес и достъп
Електронен формат pdf - файл
Път до файла /url/
942 ## - АРТИКУЛИ
Вид на библиотечния материал Книги
Скрит в OPAC Не
Koha issues (borrowed), all copies 1
944 ## - СЪЗДАВАНЕ И РЕДАКЦИЯ на ЗАПИСА
Създаване/Редакция Създаване
Дата на регистрацията/редакция 24.08.2016
Служител, извършил регистрацията/редакцията 30530
Статус, дата на статуса Минев Младен
944 ## - СЪЗДАВАНЕ И РЕДАКЦИЯ на ЗАПИСА
Създаване/Редакция Редакция
Дата на регистрацията/редакция 24.08.2016
Служител, извършил регистрацията/редакцията Теодора_Стоянова
999 ## - СИСТЕМНИ КОНТРОЛНИ НОМЕРА
Koha biblionumber 37750
Koha biblioitemnumber 37750
Наличности
Код за отписване Код за изгубен артикул Източник на класификационната схема Код за повреда Коз за рестрикции Код за отдаване Артикулен № Име на библиотеката - собственик Име на библиотеката, в която се намира в момента Статус (Текущо местоположение) Дата на вписване в системата Местоположение - отдел Цена в лева Инвентарен номер Систематично азбучна сигнатура Баркод Номер на екземпляра Цена в евро Служебна бележка Служебен тип на артикула
  Не е изгубен Universal Decimal Classification Не е повреден без рестрикции ползва се в читалня 59284 Регионална библиотека "Любен Каравелов" Русе Регионална библиотека "Любен Каравелов" Русе Хранилище 1988-01-01 Хранилище 1.24 501270 Цб 153209 120000501270 1 0.63 Вид: Сф Дата: 01.01.1988 Книги
Изтеглен Не е изгубен Universal Decimal Classification Не е повреден без рестрикции заемане за дома 59285 Регионална библиотека "Любен Каравелов" Русе Регионална библиотека "Любен Каравелов" Русе Заемна - подръчен фонд 1988-01-01 Заемна - подръчен фонд 1.24 501941 П 631.6/В 24 120000501941 2 0.63 Вид: Сф Дата: 01.01.1988 Дата инв: 06.02.2018 Бележки инв: П2018 Книги
Vip Innovations Ltd, Rousse, Bulgaria 2025